Les Miserables Songs - Statistics

General Stats
  • This quiz has been taken 426 times
  • The average score is 24 of 50
Answer Stats
Performers Answer % Correct
Chain Gang, Javert and Valjean Prologue: Work Song
93%
Gavroche, Beggars, Old Woman, Prostitute, Pimp, Enjolras, and Marius Look Down
92%
Fantine I Dreamed a Dream
91%
Thénardier, Madame Thénardier and Customers Master of the House
89%
Full Company Do You Hear The People Sing?
85%
Sailors, Old Woman, Fantine, Crone, Whores and Pimp Lovely Ladies
85%
Enjolras, Grantaire, Students and Beggars Do You Hear the People Sing?
83%
Éponine On My Own
83%
Young Cosette and Madame Thénardier Castle on a Cloud
82%
Valjean, Marius, Cosette, Éponine, Enjolras, Javert, Thénardier, Madame Thénardier, Gavroche and Company One Day More
82%
Students, Enjolras, Marius, Grantaire and Gavroche ABC Café / Red and Black
79%
Valjean Who Am I? / The Trial
79%
Poor, Foreman, Workers, Factory Girls, Fantine and Valjean At the End of the Day
76%
Marius, Cosette and Éponine A Heart Full of Love
73%
Marius Empty Chairs at Empty Tables
68%
Éponine and Marius A Little Fall of Rain
67%
Javert and Valjean The Confrontation
66%
Javert and Gavroche Stars
64%
Valjean Bring Him Home
63%
Cosette, Valjean, Marius and Éponine Rue Plumet – In My Life
63%
Gavroche, Students, Enjolras and Javert Little People
59%
Fantine, Valjean Fantine's Death: Come to Me
57%
Grantaire, Students, Women and Marius Drink With Me
56%
Javert and Valjean Soliloquoy ( Javert's Death)
56%
Women of Paris Turning
50%
Thénardier, Valjean, Madame Thénardier and Young Cosette The Bargain / The Thénardier Waltz of Treachery
42%
Valjean Prologue: What have I done
41%
Thénardier Dog Eats Dog
40%
Bamatabois, Fantine, Javert and Valjean Fantine's Arrest
38%
Thénardier and Madame Thénardier Beggars at the Feast
36%
Guests, Thénardier, Marius and Madame Thénardier Wedding Chorale
36%
Enjolras, Javert, Marius, Éponine and Valjean Building the Barricade
33%
Enjolras, Grantaire, Students, Valjean and Javert The First Attack
30%
Policemen and Bishop of Digne Prologue: Valjean Arrested, Valjean Forgiven
28%
Thénardier, Madame Thénardier, Marius, Éponine and Valjean The Robbery
28%
Townspeople, Valjean, Fauchelevant and Javert The Runaway Cart
22%
Enjolras, Students and Army Officer At the Barricade
21%
Army Officer, Enjolras, Grantaire and Students The Final Battle
21%
Gavroche, Enjolras, Marius, Valjean, Feuilly and Students The Second Attack
20%
Valjean, Fantine, Cosette, Marius and Éponine Valjean's Death
20%
Éponine and Marius Eponine's Errand
19%
Marius and Valjean Valjean's Confession
19%
Valjean, Farmer, Labourer, Innkeeper's Wife, Innkeeper and Bishop of Digne Prologue: On Parole
17%
Cosette, Marius and Valjean Every Day
14%
Javert and Enjolras Javert's Arrival
14%
Enjolras, Marius, Valjean and Students Night of Anguish
11%
Valjean, Young Cosette The Well Scene
9%
Enjolras and Students Dawn of Anguish
8%
Thénardier, Thieves, Éponine, Marius, Valjean and Cosette The Attack on the Rue Plumet
7%
Javert and Thénardier Javert's Intention
3%
No matching quizzes found
Score Distribution
Percent of People with Each Score
Percentile by Number Answered
Your Score History
You have not taken this quiz